Pearl Jam Songs: Sudden Death - Statistics

General Stats
  • This quiz has been taken 594 times
  • The average score is 11 of 15
Answers on the Grid
Answers color-coded by a green-red scale on the quiz's grid according to % correct below.
Alive
All Apologies
Better Man
Black
Burden In My Hand
Corduroy
Daughter
Dissident
Do the Evolution
Dollar Bill
Even Flow
Given to Fly
Glycerine
Higher
Jeremy
Just Breathe
Lithium
Long Road
Machinehead
Monkey Wrench
My Sacrifice
No Excuses
No One Knows
No Rain
Rearviewmirror
Rooster
Rusty Cage
Sirens
Times Like These
Yellow Ledbetter
 
Answer Stats
Answer % Correct
Alive
97%
Black
92%
Even Flow
92%
Jeremy
89%
Better Man
84%
Daughter
84%
Yellow Ledbetter
76%
Corduroy
67%
Just Breathe
67%
Rearviewmirror
62%
Dissident
59%
Do the Evolution
56%
Sirens
55%
Given to Fly
53%
Long Road
31%
No matching quizzes found
Score Distribution
Percent of People with Each Score
Percentile by Number Answered
Your Score History
You have not taken this quiz